[Event "Helsingor Xtracon op"]
[Site "Helsingor"]
[Date "2016.07.26"]
[Round "5"]
[White "Brokso, Kim"]
[Black "Nielsen, Thomas"]
[Result "1/2-1/2"]
[WhiteElo "1713"]
[BlackElo "1906"]
[PlyCount "146"]
[EventDate "2016.07.23"]
[EventType "swiss"]
[EventRounds "10"]
[EventCountry "DEN"]
[SourceTitle "CBM 173 Extra"]
[Source "ChessBase"]
[SourceDate "2016.08.29"]
[SourceVersion "1"]
[SourceVersionDate "2016.08.29"]
[SourceQuality "1"]

1. e4 c6 2. d4 d5 3. e5 Bf5 4. Bd3 Bxd3 5. Qxd3 e6 6. c3 Ne7 7. b4 a5 8. b5 cxb5 9. Qxb5+ Qd7 10. Qxd7+ Nxd7 11. Nd2 Rc8 12. Ne2 Nc6 13. Rb1 Rc7 14. a4 Be7 15. 0-0 0-0 16. Rb3 Rb8 17. Ba3 Bxa3 18. Rxa3 b5 19. axb5 Rxb5 20. Rfa1 Rb2 21. R3a2 Rcb7 22. f4 f6 23. c4 R7b4 24. Kf1 Rxa2 25. Rxa2 dxc4 26. Rc2 Nb6 27. Kf2 f5 28. g3 Kf7 29. Nf3 h6 30. Nc3 Na4 31. d5 Nxc3 32. dxc6 Nd5 33. Ke2 c3 34. Kd3 Rb8 35. Kd4 Ke7 36. Kc5 Rb2 37. Nd4 a4 38. Rc1 a3 39. c7 Nxc7 40. Rxc3 Na6+ 41. Kc4 Rb4+ 42. Kd3 Ra4 43. Rc4 Rxc4 44. Kxc4 a2 45. Nc2 g5 46. fxg5 hxg5 47. Kb3 Nc5+ 48. Kxa2 Nd3 49. Ne3 Nxe5 50. Kb3 g4 51. Kc3 Nf3 52. Nf1 Kd6 53. Kd3 e5 54. Ke3 Ng5 55. Nd2 Kd5 56. Nf1 Kc4 57. Ke2 Kd4 58. Nd2 Ne4 59. Nb3+ Kc3 60. Nc1 Nc5 61. Ke3 Kc2 62. Ne2 Nd3 63. Ng1 Nc1 64. h4 gxh3 65. Nxh3 Nd3 66. Ng5 Kc3 67. Nf7 f4+ 68. gxf4 exf4+ 69. Kf3 Kd4 70. Ng5 Ke5 71. Nh3 Ne1+ 72. Ke2 Ng2 73. Nxf4 Nxf4+ 1/2-1/2